|
|
|
|
| LEADER |
00000nab a2200000 a 4500 |
| 001 |
vtls000748685 |
| 003 |
SK-MaSNL |
| 005 |
20260304110704.0 |
| 008 |
250429c1999 xo 0 slo |
| 015 |
|
|
|a SNBRB2001/02-02654
|
| 035 |
|
|
|a CLN000100508
|
| 035 |
|
|
|a urn:nbn:sk:snk-abahak
|
| 035 |
|
|
|a (urnnbn)urn:nbn:sk:snk:ar-007pgx
|
| 035 |
|
|
|a (uuid)17a58652-084e-457a-b47f-720d89c7828c
|
| 040 |
|
|
|a SNKBUCL
|b slo
|c SNKBUCL
|e AACR2
|
| 041 |
0 |
|
|a cze
|
| 044 |
|
|
|a xo
|c SK
|
| 080 |
|
|
|a 617.747-089:617.735-089
|2 1997
|
| 080 |
|
|
|a 617.735-089
|2 1997
|
| 080 |
|
|
|a 617.736-003.8
|2 1997
|
| 100 |
1 |
|
|a Ernest, Jan
|4 aut
|9 996915
|
| 245 |
1 |
0 |
|a Zhodnocení výsledků pars plana vitrektomie u idiopatických makulárních děr pomocí TopSS diagnostiky
|c J. Ernest, L. Rejmont
|
| 300 |
|
|
|b grafy, obr., tab.
|
| 504 |
|
|
|a Res. angl., čes.
|
| 504 |
|
|
|a Bibliogr. odkazy
|
| 650 |
0 |
7 |
|a vitrektómia pars plana
|2 snkbucl
|9 946932
|
| 650 |
0 |
7 |
|a makula
|x diery makulárne
|2 snkbucl
|9 1385541
|
| 650 |
0 |
7 |
|a tomografia skenovacia laserová
|2 snkbucl
|9 1409488
|
| 655 |
|
7 |
|a články z novín a časopisov
|2 snkbucl
|9 267496
|
| 700 |
1 |
|
|a Rejmont, L.
|4 aut
|9 996917
|
| 773 |
0 |
|
|t Česká a slovenská oftalmologie
|g Roč. 55, č. 2 (1999), s. 77-81
|x 1211-9059
|
| 850 |
|
|
|a Slovenská národná knižnica
|
| 852 |
|
|
|a Slovenská národná knižnica
|
| 954 |
|
|
|a odborná, vedecká literatúra cudzojazyčná (svetová)
|2 lita
|
| 958 |
|
|
|a article14
|
| 958 |
|
|
|a OND
|
| 958 |
|
|
|a MI
|
| 958 |
|
|
|a NB
|
| 958 |
|
|
|a EUIPO
|
| 999 |
|
|
|c 2860949
|d 2862879
|